000 00596nam a2200253Ia 4500
003 OSt
005 20221005130725.0
006 a|||||r|||| 00| 0
007 ta
008 221004b |||||||| |||| 00| 0 tam d
020 _c7.50
024 _a50582
037 _cTextual
040 _aCRL
_cCRL
_btam
041 _2tam
_atam
082 _aO31,3NJEx, M4
100 _aJeeva Au.
245 0 _aSalaiyin tiruppan
260 _c1984
300 _a142p.
_ccm.
650 _aTAMIL FICTION
942 _hO31,3NJEx, M4
_cTEXL
_2cc
999 _c1058185
_d1058185